000 00543nam a2200205Ia 4500
005 20250923145746.0
008 008 250917s9999 xx 000 0 eng d
037 _aTextual
040 _aDSWL
_beng
_cDSWL
041 _aeng
_2eng
084 _aY:354, M85
_qDSWL
100 _aBeckford, J.A.
_9838664
245 0 _aCult controversies
_cby J.A. Beckford
260 _aLondon
_bTaristock
_c1985
300 _aviii,327p.
365 _aGBP
_b8.95
925 _g8.95
942 _cTEXL
_hY:354, M85
999 _c1455333
_d1455333